US states by when they became states - Statistics

General Stats
  • This quiz has been taken 4 times
  • The average score is 16 of 49
Answer Stats
Hint Answer % Correct
January 3, 1959 Alaska
75%
December 7, 1787 Delaware
75%
August 21, 1859 Hawaii
75%
April 28, 1788 Maryland
75%
November 2, 1889 North Dakota and South Dakota
75%
February 14, 1859 Oregon
75%
February 14, 1912 Arizona
50%
January 6, 1912 New Mexico
50%
November 21, 1789 North Carolina
50%
March 1, 1803 Ohio
50%
November 16, 1907 Oklahoma
50%
March 4, 1791 Vermont
50%
November 11, 1889 Washington
50%
December 14, 1819 Alabama
25%
June 15, 1836 Arkansas
25%
September 9, 1850 California
25%
August 1, 1876 Colorado
25%
January 9, 1788 Connecticut
25%
January 2, 1788 Georgia
25%
July 3, 1890 Idaho
25%
December 3, 1818 Illinois
25%
December 28, 1846 Iowa
25%
January 29, 1861 Kansas
25%
June 1, 1792 Kentucky
25%
April 30, 1812 Louisiana
25%
March 15, 1820 Maine
25%
February 6, 1788 Massachusetts
25%
January 26, 1837 Michigan
25%
May 11, 1858 Minnesota
25%
August 10, 1821 Missouri
25%
November 8, 1889 Montana
25%
March 1, 1867 Nebraska
25%
October 31, 1864 Nevada
25%
December 18, 1787 New Jersey
25%
July 26, 1788 New York
25%
December 12, 1787 Pennsylvania
25%
May 29, 1790 Rhode Island
25%
May 23, 1788 South Carolina
25%
June 1, 1796 Tennessee
25%
January 4, 1896 Utah
25%
June 20, 1863 West Virginia
25%
May 29, 1848 Wisconsin
25%
July 10, 1890 Wyoming
25%
March 3, 1845 Florida
0%
December 11, 1816 Indiana
0%
December 10, 1817 Mississippi
0%
June 21, 1788 New Hampshire
0%
December 29, 1845 Texas
0%
June 25, 1788 Virginia
0%
No matching quizzes found
Score Distribution
Percent of People with Each Score
Percentile by Number Answered
Your Score History
You have not taken this quiz